Statistics for Geography by Letter on the World Map - A-Z

Click here to take the quiz!

General Stats

  • This quiz has been taken 25,365 times
    (22,634 since last reset)
  • The average score is 18 of 26

Answers on the Map

Answers color-coded by a green-red scale on the quiz's map according to % correct below.
Loading ...
 

Answer Stats

Answer% Correct
UUnited Kingdom
96%
TTexas
91%
LLibya
89%
AAndes
87%
MMediterranean Sea
87%
NNile
86%
SScandinavia
84%
CCaribbean Sea
83%
OOregon
82%
WWellington
78%
RRocky Mountains
77%
DDanube
70%
QQueensland
69%
FFiji
69%
HHorn of Africa
68%
JJava
63%
BBay of Bengal
63%
PPretoria
60%
VVienna
57%
YYucatan
56%
GGobi
51%
ZZagreb
51%
IIndus
47%
XXi'an
43%
KKamchatka
40%
EEllesmere
25%

Score Distribution

Percentile by Number Answered

Percent of People with Each Score

Your Score History

You have not taken this quiz since the last reset